000
00290nam a2200109Ia 4500
008
230907s9999||||xx |||||||||||||| ||und||
082
_a
4
_b
ASH
245
0
_a
IT equipment design impact on data center solutions /
260
_a
ASHRAE,
_b
Atlanta, GA :
_c
2016
300
_a
128 p.
942
_c
BK
999
_c
599523
_d
599523